Los Angeles class submarines - Statistics

General Stats
  • This quiz has been taken 462 times
  • The average score is 26 of 62
Answer Stats
Hull Number Answer % Correct
688 Los Angeles
87%
700 Dallas
83%
713 Houston
83%
755 Miami
83%
703 Boston
78%
721 Chicago
77%
711 San Francisco
77%
712 Atlanta
70%
702 Phoenix
67%
690 Philadelphia
66%
691 Memphis
64%
708 Minneapolis-Saint Paul
62%
699 Jacksonville
61%
704 Baltimore
60%
762 Columbus
59%
766 Charlotte
58%
720 Pittsburgh
58%
697 Indianapolis
55%
715 Buffalo
52%
764 Boise
50%
718 Honolulu
49%
724 Louisville
49%
716 Salt Lake City
48%
706 Albuquerque
46%
693 Cincinnati
46%
723 Oklahoma City
46%
753 Albany
45%
692 Omaha
45%
719 Providence
45%
761 Springfield
45%
695 Birmingham
43%
689 Baton Rouge
41%
771 Columbia
41%
768 Hartford
41%
763 Santa Fe
41%
710 Augusta
39%
770 Tucson
39%
725 Helena
38%
754 Topeka
37%
773 Cheyenne
36%
714 Norfolk
33%
696 New York City
30%
769 Toledo
29%
760 Annapolis
27%
705 Corpus Christi
23%
759 Jefferson City
21%
717 Olympia
21%
765 Montpelier
17%
756 Scranton
16%
750 Newport News
15%
751 San Juan
14%
757 Alexandria
13%
758 Asheville
12%
767 Hampton
11%
752 Pasadena
11%
707 Portsmouth
11%
694 Groton
10%
698 Bremerton
9%
709 Hyman G. Rickover
9%
701 La Jolla
9%
772 Greeneville
8%
722 Key West
8%
No matching quizzes found
Score Distribution
Percent of People with Each Score
Percentile by Number Answered
Your Score History
You have not taken this quiz